000 00393 a2200169 4500
001 192397
020 _a978-85-10-05523-9
040 _cMagnum
100 _aBraga, Jussara
240 1 0 _aUm urso branco em nova york
_lpor
245 1 0 _aUm urso branco em nova york
300 _a39
362 0 _a2014
440 1 _aEditora do Brasil
697 _aLITERATURA INFANTO-JUVENIL
942 _cBK
999 _c192397
_d192397